LEADER 01176nam a2200229 i 4500 001 000000188368 003 CaOOAMICUS 005 20210122103505.0 008 100422s1968 fr u000 u fre u 013 $a166546 040 $aSeMil$bita 245 10$aProblèmes et méthodes d'histoire des religions /$cmélanges publiés par la Section de sciences religieuses à l'occasion du centenaire de l' École pratique des Hautes Études. 264 1$aParis :$bPresses Universitaires de France,$c1968. 300 $aXII, 298 p., [2] c. di tav. ripieg. ;$c25 cm. 500 $aNella p. contro il front.: École pratique des hautes études. 5e section. Sciences religieuses 650 4$aReligioni - Storia - Antichità.$0(OLS)http://semarc/subject/1036 710 2 $aÉcole des Hautes Etudes en Sciences Sociales .$0(OLS)http://semarc/name/1641 850 $aSeMil 852 $aSeMil$W1$xVenegono$y1$m2X IV 150$j139023$B139023$CSeMilBibl$Z2$F150607 $81 996 $6245$aProblèmes et méthodes d'histoire des religions$9(OLS)http://semarc/title/271087 996 $6264$aParis :$bPresses Universitaires de France$9(OLS)http://semarc/publisher/30047 LEADER 01284nam a2200289 i 4500 001 000000116513 003 CaOOAMICUS 005 20030621000000.0 008 030621s1982 it u000 u ita u 013 $a89202 040 $aSeMil$bita 100 1 $aMateos, Juan,$c.$0(OLS)http://semarc/name/947 245 10$aDizionario teologico del Vangelo di Giovanni /$cJuan Mateos, Juan Barreto. 260 $aAssisi :$bCittadella,$ccopyr. 1982. 300 $a355 p. ;$c20 cm. 490 0 $aDizionari tascabili CE 500 $aFondo Card. C.M. Martini. 650 4$aBibbia. Nuovo Testamento - Enciclopedie e dizionari.$0(OLS)http://semarc/subject/245 650 4$aBibbia. Nuovo Testamento. Vangelo secondo Giovanni - Commentari, studi, critica, interpretazioni.$0(OLS)http://semarc/subject/119 700 1 $aBarreto, Juan.$0(OLS)http://semarc/name/15575 830 0$aDizionari tascabili CE.$0(OLS)http://semarc/title/12278 850 $aSeMil 852 $aSeMil$W1$xVenegono$y1$m2Z I 179$j71951$B71951$CSeMilBibl$Z2$F75852 $81 941 1 $a4 961 $aOmaggio: Martini Card. Carlo Maria 996 $6245$aDizionario teologico del Vangelo di Giovanni$9(OLS)http://semarc/title/170880 996 $6260$aAssisi :$bCittadella$9(OLS)http://semarc/publisher/29661